Hóa học = Journal of Chemistry

Guardado en:
Detalles Bibliográficos
Formato: Libro
Lenguaje:Undetermined
Publicado: Hà Nội Viện Hàn lâm Khoa học và Công nghệ Việt Nam 2019
Materias:
Etiquetas: Agregar Etiqueta
Sin Etiquetas, Sea el primero en etiquetar este registro!
Thư viện lưu trữ: Trung tâm Học liệu Trường Đại học Cần Thơ
LEADER 00569nam a2200181Ia 4500
001 CTU_234241
008 210402s9999 xx 000 0 und d
082 |a 540 
082 |b H401 
245 0 |a Hóa học = 
245 0 |b Journal of Chemistry 
245 0 |c Viện Hàn lâm Khoa học và Công nghệ Việt Nam 
260 |a Hà Nội 
260 |b Viện Hàn lâm Khoa học và Công nghệ Việt Nam 
260 |c 2019 
650 |a Chemistry,Hóa học 
904 |i T.Trang 
980 |a Trung tâm Học liệu Trường Đại học Cần Thơ